000 00578nam a2200217Ia 4500
003 OSt
005 20220928140405.0
006 a|||||r|||| 00| 0
007 ta
008 220927b |||||||| |||| 00| 0 eng d
024 _a8182
037 _cTextual
040 _aSDCL
_cSDCL
_beng
041 _2eng
_aeng
082 _aX:75.592'N8, M0
100 _aNato Brussels
_9495049
245 0 _aEconomic reforms in Eastern Europe and prospects for the 1980s
260 _c1980
942 _hX:75.592'N8, M0
_cTEXL
_2CC
999 _c811155
_d811155